| 000 | 00878nam a2200229Ia 4500 | ||
|---|---|---|---|
| 999 |
_c65234 _d65234 |
||
| 005 | 20240530110814.0 | ||
| 008 | 140319s2006 au a f b 000 0 ara d | ||
| 017 |
_a2007/11943 _bمصر. دار الكتب |
||
| 020 | _a977437360x | ||
| 040 |
_aGCL / _cGCL |
||
| 082 | 0 | 4 |
_221 _a791.430962 / _bأ ت |
| 100 | 0 | _aامينة حسن | |
| 245 | 1 | 2 |
_aالتعبير عن النجاح الاجتماعى فى السينما المصرية فى السبعينيات / _cتأليف امينة حسن ؛ ترجمة سعد الطويل |
| 250 | _aط.1 | ||
| 260 |
_aالقاهرة : _bالمجلس الاعلى للثقافة، _c2006 . |
||
| 300 |
_a511 ص. : _bايض. ؛ _c24 سم |
||
| 650 | 0 | 7 |
_aالسينما المصرية _2qrmak |
| 651 | _2qrmak | ||
| 700 | 0 |
_aسعد الطويل _eمترجم |
|
| 942 |
_2ddc _cBK |
||